Progress in physical geography

Detalles Bibliográficos
Formato: Electrónico Revista
Lenguaje:inglés
Publicado: [London] : Edward Arnold Pub.
Materias:
Acceso en línea:Full text available from Research Library: 03/01/1998 to 12/31/2015

MARC

LEADER 00000nas a2200000 a 4500
001 ssj0007722
003 WaSeSS
005 20200512172242.0
006 m d
007 cr n
008 991019c19779999enkbr pss 0 a0eng c
010 |a  2011233257 
016 7 |a 2006623-5  |2 DE-600 
022 |a 1477-0296  |l 0309-1333  |y 0309-1333 
035 |a (WaSeSS)ssj0007722 
037 |b Edward Arnold Publishers Ltd., 338 Euston Road, London, NW1 3BH, UK 
040 |a F#A  |b eng  |c F#A  |d OCLCQ  |d SYB  |d OCLCQ  |d VRC  |d GUA  |d SHS  |d GEBAY  |d OCLCE  |d OCLCQ  |d OCLCF  |d DEBBG  |d OCLCO  |d OCLCQ  |d VT2  |d OCLCO  |d OCLCQ  |d ZAC  |d U3W  |d WYU  |d OCLCO  |d WaSeSS 
042 |a pcc  |a dlr 
050 1 4 |a G1 
082 0 4 |a 910.02 
130 0 |a Progress in physical geography (Online) 
222 0 |a Progress in physical geography  |b (Online) 
245 1 0 |a Progress in physical geography  |h [electronic resource]. 
260 |a [London] :  |b Edward Arnold Pub. 
310 |a Bimonthly,  |b 2006- 
321 |a Quarterly,  |b -2005 
362 1 |a Print began in 1977. 
506 |a License restrictions may limit access. 
538 |a Master and use copy. Digital master created according to Benchmark for Faithful Digital Reproductions of Monographs and Serials, Version 1. Digital Library Federation, December 2002.  |u http://purl.oclc.org/DLF/benchrepro0212  |5 MiAaHDL 
538 |a Mode of access: World Wide Web. 
583 1 |a digitized  |c 2010  |h HathiTrust Digital Library  |l committed to preserve  |5 MiAaHDL  |2 pda 
588 |a Description based on: Vol. 21, no. 1 (1997); title from journal information screen (SAGE journals online, viewed Oct. 13, 2011). 
588 |a Latest issue consulted: Vol. 35, no. 5 (Oct. 2011) (viewed Oct. 13, 2011). 
650 0 |a Physical geography  |v Periodicals. 
650 6 |a Géographie physique  |v Périodiques. 
650 7 |a Physical geography.  |2 fast  |0 (OCoLC)fst01062647 
650 1 7 |a Fysische geografie.  |2 gtt 
650 7 |a Physische Geografie  |2 gnd 
655 0 |a Electronic journals. 
776 0 8 |i Print version:  |t Progress in physical geography  |x 0309-1333  |w (DLC) 78642543  |w (OCoLC)3672747 
856 4 0 |z Full text available from Research Library: 03/01/1998 to 12/31/2015  |u https://search.proquest.com/publication/37139